Sports starting with b - Statistics

General Stats
  • This quiz has been taken 44 times
  • The average score is 6 of 9
Answer Stats
Hint Answer % Correct
lebron Basketball
97%
shuddlecock Badminton
88%
expensive hot dog Baseball
85%
sand Beach Volleyball
74%
fight Boxing
74%
strike Bowling
56%
muscle Bodybuilding
47%
wheelie Biking
44%
u wont get this Bavarian Curling
6%
No matching quizzes found
Score Distribution
Percent of People with Each Score
Percentile by Number Answered
Your Score History
You have not taken this quiz